00861nam a2200181 a 450000100100000000500170001000800410002702000150006804000250008310000490010824501690015726000780032630000210040470000400042570000920046595201050055799900170066200003976720201002033725.0130718s1986 ch 000 0 spa d a8483401312 aDO-SdBNPbspacBNPHU1 aPérez Rosales, Vicente,d1807-1886.96596010aVicente Pérez Rosales :bpáginas escogidas /ccompilación de Alfonso Caderón Semblanza de Vicente Pérez Rosales por Enrique Campos Menéndez. Calderón. aSantiago de Chile :bEditorial UniversitariabBiblioteca Nacional,c1986. a279 p. ;c25 cm.1 aCalderón, Alfonsoepról.9479861 aCampos Menéndez, Enrique,d1914-tSemblanza de Vicente Pérez Rosales.f1986.965961 001050718MOaGRbGRcCTd2013-07-18iLF1l0o p39767-10r2020-06-25w2020-06-25y1ZNo se presta c39257d39257